| 000 | 00925nam a2200265 i 4500 | ||
|---|---|---|---|
| 001 | bg | ||
| 100 | 1 | _aEDEL, Roman | |
| 245 | 1 | 0 |
_aOdwodnienie dróg / _cRoman Edel. |
| 250 | _aWyd. 2 uaktual. | ||
| 260 |
_aWarszawa : _bWydawnictwa Komunikacji i Łączności, _c2002. |
||
| 300 |
_a320 s. : _bil. ; _c24 cm. |
||
| 504 | _aBibliogr. | ||
| 521 | _aDla studentów i inż. budownictwa o specjalności budowa dróg i lotnisk, inżynieria sanitarna i ochrona środowiska. | ||
| 650 | 9 |
_aDrogi _xodwadnianie |
|
| 655 | _aPodręczniki akademickie | ||
| 015 | _aPB 14770/2002 | ||
| 020 | _a8320614538 | ||
| 040 | _cBPK | ||
| 041 | 0 | _apol | |
| 080 | _a625.7/.8:626.8](075.8) | ||
| 920 | _a83-206-1453-8 | ||
| 942 | _cKS | ||
| 008 | s pl f |000 0 pol | ||
| 999 |
_c51485 _d51485 |
||
| 856 |
_uhttp://koha.tu.koszalin.pl/cgi-bin/koha/opac-detail.pl?biblionumber=51485 _yKatalog online BPK |
||